| 000 | 00000nam 2200000zi 4500 |
| 001 | 9.940617 |
| 003 | CaOODSP |
| 005 | 20250721151346 |
| 006 | m o d f |
| 007 | cr mn||||||||| |
| 008 | 240716t20232024onc ob f000 0 eng d |
| 020 | |a9780660727981 |
| 040 | |aCaOODSP|beng|erda|cCaOODSP |
| 043 | |an-cn--- |
| 086 | 1 |aBC92-135/2024E-PDF |
| 245 | 00|aIndigenous co-development and engagement : |bwise practices. |
| 264 | 1|aOttawa, Ontario, Canada : |bThe Canadian Radio-television and Telecommunications Commission (CRTC), |c2023. |
| 264 | 4|c©2024 |
| 300 | |a1 online resource (iii, 23 pages) |
| 336 | |atext|btxt|2rdacontent |
| 337 | |acomputer|bc|2rdamedia |
| 338 | |aonline resource|bcr|2rdacarrier |
| 500 | |aIssued also in French under title: Élaboration conjointe et mobilisation des peuples autochtones : pratiques exemplaires. |
| 500 | |a"Presented to: Canadian Radio-television and Telecommunications Commission." |
| 500 | |a"May 31, 2023." |
| 500 | |a"Report submitted by: INDsight Consulting"--Page i. |
| 504 | |aIncludes bibliographical references (pages 20-23). |
| 650 | 0|aIndigenous peoples|zCanada|xGovernment relations. |
| 650 | 0|aIntercultural communication|zCanada. |
| 650 | 0|aCultural awareness|zCanada. |
| 710 | 2 |aCanadian Radio-television and Telecommunications Commission, |eissuing body. |
| 775 | 08|tÉlaboration conjointe et mobilisation des peuples autochtones : |w(CaOODSP)9.940619 |
| 856 | 40|qPDF|s938 KB|uhttps://publications.gc.ca/collections/collection_2024/crtc/BC92-135-2024-eng.pdf |
| 856 | 4 |qHTML|sN/A|uhttps://crtc.gc.ca/eng/publications/reports/indsight24.htm |